Fr. Conceicao Rodrigues College of Engineering

Industrial Robotics (Record no. 24676)

MARC details
000 -LEADER
fixed length control field 00284nam a2200133Ia 4500
082 ## - DEWEY DECIMAL CLASSIFICATION NUMBER
Classification number 629.892
Item number GRO
100 ## - MAIN ENTRY--PERSONAL NAME
Personal name Groover/Weiss
245 ## - TITLE STATEMENT
Title Industrial Robotics
260 ## - PUBLICATION, DISTRIBUTION, ETC.
Name of publisher, distributor, etc. McGraw Hill
Place of publication, distribution, etc. Mumbai
Date of publication, distribution, etc. 1986
300 ## - PHYSICAL DESCRIPTION
Extent 546
546 ## - LANGUAGE NOTE
Language note ENGLISH
654 ## - SUBJECT ADDED ENTRY--FACETED TOPICAL TERMS
Focus term Industrial
942 ## - ADDED ENTRY ELEMENTS (KOHA)
Koha item type BOOK
Holdings
Withdrawn status Lost status Damaged status Not for loan Collection Home library Current library Date acquired Total Checkouts Full call number Barcode Date last seen Date last checked out Price effective from Koha item type Date due
        CRC Fr. Agnel's C.Rodrigues College of Engineering Fr. Agnel's C.Rodrigues College of Engineering 17/03/2023 1 629.892 GRO 14493 13/05/2026 12/06/2023 17/03/2023 BOOK  
        CRC Fr. Agnel's C.Rodrigues College of Engineering Fr. Agnel's C.Rodrigues College of Engineering 17/03/2023   629.892 GRO 14494 17/03/2023   17/03/2023 BOOK  
        CRC Fr. Agnel's C.Rodrigues College of Engineering Fr. Agnel's C.Rodrigues College of Engineering 17/03/2023 1 629.892 GRO 14495 04/01/2024 12/06/2023 17/03/2023 BOOK  
        CRC Fr. Agnel's C.Rodrigues College of Engineering Fr. Agnel's C.Rodrigues College of Engineering 17/03/2023 1 629.892 GRO 14496 25/05/2026 25/05/2026 17/03/2023 BOOK 04/06/2026